[Event "BCF-chT3Sb 1718 (4NCL)"]
[Site "England"]
[Date "2017.11.11"]
[Round "1.86"]
[White "Gibson, Christopher A"]
[Black "Samworth Calvier, Juju"]
[Result "0-1"]
[WhiteElo "1932"]
[BlackElo "1794"]
[PlyCount "78"]
[EventDate "2017.11.11"]
[EventType "team-tourn"]
[EventRounds "11"]
[EventCountry "ENG"]
[SourceTitle "EXT 2020"]
[Source "ChessBase"]
[SourceDate "2019.10.17"]
[SourceVersion "1"]
[SourceVersionDate "2019.10.17"]
[SourceQuality "1"]
[WhiteTeam "The Rookies"]
[BlackTeam "Sussex Martlets II"]
[WhiteTeamCountry "ENG"]
[BlackTeamCountry "ENG"]

1. e4 e6 2. d4 d5 3. e5 c5 4. c3 Nc6 5. Nf3 Bd7 6. Be2 Nh6 7. Na3 cxd4 8. cxd4 Nf5 9. Nc2 Be7 10. 0-0 0-0 11. Kh1 Qb6 12. b3 a5 13. g4 Nh4 14. Bg5 Bxg5 15. Nxg5 h6 16. Nh3 f6 17. exf6 Rxf6 18. f4 Raf8 19. Rg1 Qc7 20. Ne3 Rxf4 21. Nxf4 Qxf4 22. Ng2 Nxg2 23. Rf1 Qxd4 24. Rxf8+ Kxf8 25. Kxg2 Ke7 26. Qf1 Qe4+ 27. Bf3 Qc2+ 28. Kh1 Ne5 29. Bg2 Nxg4 30. Qf4 e5 31. Qf1 Ne3 32. Qf3 Qxg2+ 33. Qxg2 Nxg2 34. Kxg2 Ke6 35. Rc1 Bc6 36. Rc5 Kf5 37. Rxa5 Kf4 38. Rc5 Ke3 39. Rc2 d4+ 0-1

[Event "BCF-chT4S 1617 (4NCL)"]
[Site "England"]
[Date "2017.02.12"]
[Round "6.61"]
[White "Samworth Calvier, Juju"]
[Black "Ireland, David J"]
[Result "1/2-1/2"]
[WhiteElo "1627"]
[BlackElo "2027"]
[PlyCount "87"]
[EventDate "2016.11.26"]
[EventType "team-swiss"]
[EventRounds "11"]
[EventCountry "ENG"]
[SourceTitle "EXT 2019"]
[Source "ChessBase"]
[SourceDate "2018.10.10"]
[SourceVersion "1"]
[SourceVersionDate "2018.10.10"]
[SourceQuality "1"]
[WhiteTeam "Sussex Martlets III"]
[BlackTeam "Throw in the Tal"]
[WhiteTeamCountry "ENG"]
[BlackTeamCountry "ENG"]

1. e4 c6 2. Nc3 d5 3. Nf3 Bg4 4. h3 Bxf3 5. Qxf3 e6 6. d3 Qb6 7. Be2 Nd7 8. 0-0 Be7 9. Qg3 Bf6 10. a3 Ne7 11. Bd2 Be5 12. Qf3 Qxb2 13. Rfb1 Bxc3 14. Rxb2 Bxb2 15. Rb1 Bxa3 16. Qg3 Bc5 17. exd5 cxd5 18. Rxb7 Rc8 19. d4 Nf5 20. Qf4 Bd6 21. Qf3 Rxc2 22. Bb5 0-0 23. Bd3 Nxd4 24. Qd1 Rc7 25. Rxc7 Bxc7 26. Bc3 e5 27. Bxd4 exd4 28. Bxh7+ Kxh7 29. Qc2+ d3 30. Qxc7 Nb6 31. Qc3 Rd8 32. Qxd3+ g6 33. Qd4 Rc8 34. Qh4+ Kg7 35. Qe7 a5 36. Qe5+ Kg8 37. Qd6 Rc1+ 38. Kh2 Rb1 39. Qb8+ Kg7 40. Qe5+ Kg8 41. Qe8+ Kg7 42. Qe5+ Kg8 43. Qe8+ Kg7 44. Qe5+ 1/2-1/2

[Event "BCF-ch Week2 PM op"]
[Site "Bournemouth"]
[Date "2016.08.05"]
[Round "5"]
[White "Metcalfe, Charlie P"]
[Black "Samworth Calvier, Juju"]
[Result "0-1"]
[WhiteElo "1511"]
[BlackElo "1580"]
[PlyCount "73"]
[EventDate "2016.08.01"]
[EventType "swiss"]
[EventRounds "5"]
[EventCountry "ENG"]
[SourceTitle "CBM 173 Extra"]
[Source "ChessBase"]
[SourceDate "2016.08.29"]
[SourceVersion "1"]
[SourceVersionDate "2016.08.29"]
[SourceQuality "1"]

1. d4 e6 2. Nf3 f5 3. c4 Nf6 4. g3 Be7 5. Bg2 0-0 6. 0-0 d6 7. Nc3 a5 8. Re1 Ne4 9. Qc2 Nxc3 10. Qxc3 Nd7 11. e4 d5 12. exf5 Bb4 13. Qe3 Bxe1 14. Qxe6+ Kh8 15. Qxe1 Nf6 16. cxd5 Nxd5 17. g4 Nb4 18. Qe2 b6 19. Ne5 Ba6 20. Qe4 Rb8 21. a3 Bb7 22. Qe2 Nd5 23. Qb5 Rc8 24. Nc6 Bxc6 25. Qxc6 Ne7 26. Qe6 Qd6 27. Qe4 Rfe8 28. Bf4 Qd7 29. Be5 c5 30. f6 gxf6 31. Bxf6+ Kg8 32. Qe5 Ng6 33. Bd5+ Kf8 34. Qh5 Re2 35. Qh6+ Ke8 36. Bc4 Re4 37. Bd3 0-1

[Event "BCF-ch Week2 PM op"]
[Site "Bournemouth"]
[Date "2016.08.03"]
[Round "3"]
[White "Ray, Hiya"]
[Black "Samworth Calvier, Juju"]
[Result "0-1"]
[WhiteElo "1442"]
[BlackElo "1580"]
[PlyCount "80"]
[EventDate "2016.08.01"]
[EventType "swiss"]
[EventRounds "5"]
[EventCountry "ENG"]
[SourceTitle "CBM 173 Extra"]
[Source "ChessBase"]
[SourceDate "2016.08.29"]
[SourceVersion "1"]
[SourceVersionDate "2016.08.29"]
[SourceQuality "1"]

1. d4 e6 2. Nf3 f5 3. d5 exd5 4. Qxd5 Nf6 5. Qxf5 d5 6. Qd3 Bd6 7. Nc3 Bg4 8. Nxd5 Nxd5 9. Qxd5 Bb4+ 10. Qd2 Bxd2+ 11. Bxd2 0-0 12. 0-0-0 Qe8 13. Bc3 Nc6 14. e3 Rd8 15. Bc4+ Be6 16. Bd3 Bf7 17. b3 Bg6 18. Bc4+ Kh8 19. Nd2 Ne5 20. Be2 Qc6 21. Kb2 Nd7 22. Bf3 Qe6 23. Nc4 Nb6 24. Ne5 c5 25. h4 Nd5 26. Rxd5 Rxd5 27. h5 Rxe5 28. hxg6 h6 29. Bxe5 Qxe5+ 30. c3 Qg5 31. Rh5 Qxg6 32. Rxc5 Qe6 33. Rd5 Kh7 34. Rd2 Qe7 35. Re2 Rd8 36. Rc2 Kh8 37. Re2 Rd6 38. Rc2 Qd7 39. Ka1 Rd2 40. Rc1 Qd6 0-1

[Event "BCF-ch 103rd U160/1900"]
[Site "Bournemouth"]
[Date "2016.08.03"]
[Round "3"]
[White "Samworth Calvier, Juju"]
[Black "Howell, Matthew G"]
[Result "0-1"]
[WhiteElo "1580"]
[BlackElo "1494"]
[PlyCount "98"]
[EventDate "2016.08.01"]
[EventType "swiss"]
[EventRounds "5"]
[EventCountry "ENG"]
[SourceTitle "EXT 2019"]
[Source "ChessBase"]
[SourceDate "2018.10.10"]
[SourceVersion "1"]
[SourceVersionDate "2018.10.10"]
[SourceQuality "1"]

1. e4 e6 2. d4 d5 3. Nd2 c5 4. dxc5 Bxc5 5. Nb3 Bb6 6. exd5 Qxd5 7. Qxd5 exd5 8. Bd3 Nf6 9. Nf3 0-0 10. 0-0 Nc6 11. h3 Nb4 12. Rd1 Nxd3 13. Rxd3 Bf5 14. Rd2 Rfe8 15. Nbd4 Bg6 16. c3 Re7 17. Rd1 Rae8 18. Bg5 Be4 19. Bxf6 gxf6 20. Rd2 Bxf3 21. Nxf3 Re2 22. Rad1 Kg7 23. Kf1 Rxd2 24. Rxd2 Rd8 25. Nd4 Kg6 26. Ke2 f5 27. Rd3 Re8+ 28. Re3 Re4 29. Rxe4 fxe4 30. f3 f5 31. Nb5 Bg1 32. c4 a6 33. Nd6 Bh2 34. Nxb7 d4 35. Nc5 d3+ 36. Kd2 Bf4+ 37. Kd1 Bd6 38. Nxd3 exd3 39. Kd2 Kf6 40. Kxd3 Be5 41. b4 Ke6 42. a4 Kd6 43. g4 fxg4 44. fxg4 h6 45. h4 Bf6 46. g5 hxg5 47. hxg5 Bxg5 48. b5 a5 49. Kc3 Bf6+ 0-1

[Event "BCF-ch Week2 PM op"]
[Site "Bournemouth"]
[Date "2016.08.02"]
[Round "2"]
[White "Samworth Calvier, Juju"]
[Black "Watson, Mikey J"]
[Result "1/2-1/2"]
[WhiteElo "1580"]
[BlackElo "1494"]
[PlyCount "34"]
[EventDate "2016.08.01"]
[EventType "swiss"]
[EventRounds "5"]
[EventCountry "ENG"]
[SourceTitle "CBM 173 Extra"]
[Source "ChessBase"]
[SourceDate "2016.08.29"]
[SourceVersion "1"]
[SourceVersionDate "2016.08.29"]
[SourceQuality "1"]

1. e4 c6 2. Nc3 d5 3. Nf3 g6 4. d3 Bg7 5. g3 d4 6. Nb1 e5 7. Nbd2 Ne7 8. Bg2 0-0 9. 0-0 Nd7 10. Re1 Nc5 11. Nf1 f6 12. h4 h5 13. N3h2 Be6 14. f3 Na4 15. g4 Qb6 16. Qe2 hxg4 17. fxg4 Qc7 1/2-1/2

[Event "BCF-ch U14"]
[Site "Bournemouth"]
[Date "2016.07.26"]
[Round "3"]
[White "Remus Elliot, Tai"]
[Black "Samworth Calvier, Juju"]
[Result "1/2-1/2"]
[WhiteElo "1390"]
[BlackElo "1580"]
[PlyCount "55"]
[EventDate "2016.07.24"]
[EventType "swiss"]
[EventRounds "7"]
[EventCountry "ENG"]
[SourceTitle "EXT 2017"]
[Source "ChessBase"]
[SourceDate "2016.10.25"]
[SourceVersion "1"]
[SourceVersionDate "2016.10.25"]
[SourceQuality "1"]

1. d4 e6 2. Nf3 f5 3. d5 exd5 4. Qxd5 d6 5. Nc3 Nf6 6. Qd1 b6 7. Bg5 h6 8. Bxf6 Qxf6 9. Nd5 Qf7 10. e3 c6 11. Nc3 Bb7 12. Be2 Nd7 13. 0-0 d5 14. Re1 Bd6 15. Nd4 0-0 16. Bd3 f4 17. Nf3 fxe3 18. Rxe3 d4 19. Qf1 Qh5 20. Re6 Bc7 21. Bg6 Qg4 22. Qc4 Kh8 23. h3 b5 24. Qe2 Qf4 25. Rd1 dxc3 26. Rxd7 Qc1+ 27. Rd1 cxb2 28. Qe1 1/2-1/2

[Event "Crawley e2e4 Gatwick op U1850"]
[Site "Crawley"]
[Date "2016.05.29"]
[Round "4"]
[White "Samworth Calvier, Juju"]
[Black "Fisher, Neal"]
[Result "1-0"]
[WhiteElo "1564"]
[BlackElo "1385"]
[PlyCount "95"]
[EventDate "2016.05.27"]
[EventType "swiss"]
[EventRounds "7"]
[EventCountry "ENG"]
[SourceTitle "EXT 2019"]
[Source "ChessBase"]
[SourceDate "2018.10.10"]
[SourceVersion "1"]
[SourceVersionDate "2018.10.10"]
[SourceQuality "1"]

1. e4 d6 2. d4 Nf6 3. Nc3 Nbd7 4. Be3 c6 5. f3 Qc7 6. Qd2 h6 7. 0-0-0 e5 8. dxe5 dxe5 9. Bc4 Nb6 10. Bb3 Be6 11. Bxe6 fxe6 12. Nge2 Nc4 13. Qd3 Nxe3 14. Qxe3 b6 15. Qd3 Bc5 16. Na4 Be7 17. Nac3 b5 18. Kb1 Kf7 19. Nc1 Qb6 20. Qe2 a5 21. Nd3 Qc7 22. Qe3 Rhd8 23. Nf2 Nd7 24. g3 Bc5 25. Qe2 Bd4 26. f4 Nf6 27. Nd3 Kg8 28. Qf3 Bxc3 29. bxc3 exf4 30. gxf4 Rf8 31. Rhg1 Rad8 32. e5 Nd5 33. Kb2 Qf7 34. Qg4 Ne3 35. Qf3 Nxd1+ 36. Rxd1 Rd5 37. Rg1 c5 38. Qg3 Kh7 39. f5 exf5 40. e6 Qe7 41. Nf4 Rfd8 42. Qg6+ Kh8 43. Nxd5 Rxd5 44. Qf7 Qf6 45. Rg6 Qxf7 46. exf7 Rd8 47. Re6 Kh7 48. Re8 1-0

[Event "Crawley e2e4 Gatwick op U1850"]
[Site "Crawley"]
[Date "2016.05.28"]
[Round "3"]
[White "Samworth Calvier, Juju"]
[Black "Watson, Mikey J"]
[Result "1/2-1/2"]
[WhiteElo "1564"]
[BlackElo "1465"]
[PlyCount "68"]
[EventDate "2016.05.27"]
[EventType "swiss"]
[EventRounds "7"]
[EventCountry "ENG"]
[SourceTitle "EXT 2019"]
[Source "ChessBase"]
[SourceDate "2018.10.10"]
[SourceVersion "1"]
[SourceVersionDate "2018.10.10"]
[SourceQuality "1"]

1. e4 Nc6 2. d4 d6 3. Nc3 Nf6 4. d5 Ne5 5. f4 Ng6 6. Nf3 e6 7. dxe6 fxe6 8. Be3 Bd7 9. Bc4 Qe7 10. Qd2 a6 11. 0-0-0 0-0-0 12. Qd3 Ng4 13. h3 Nxe3 14. Qxe3 Kb8 15. g4 Qf6 16. f5 exf5 17. exf5 Re8 18. Qd4 Qxd4 19. Nxd4 Ne5 20. Be6 Be7 21. Rde1 c5 22. Bxd7 Nxd7 23. Ne6 g6 24. Ng7 Bg5+ 25. Kd1 Re5 26. Rxe5 Nxe5 27. Ne6 Bh4 28. Rf1 gxf5 29. gxf5 Nd7 30. Nd5 Nf6 31. c4 Nxd5 32. cxd5 Bf6 33. b3 Rg8 34. Ke2 Kc8 1/2-1/2

[Event "BCF-ch U13"]
[Site "Coventry"]
[Date "2015.07.30"]
[Round "5"]
[White "Samworth Calvier, Juju"]
[Black "Anilkumar, Anantha P"]
[Result "0-1"]
[WhiteElo "1607"]
[BlackElo "1838"]
[PlyCount "66"]
[EventDate "2015.07.27"]
[EventType "swiss"]
[EventRounds "7"]
[EventCountry "ENG"]
[SourceTitle "CBM 167 Extra"]
[Source "ChessBase"]
[SourceDate "2015.09.14"]
[SourceVersion "1"]
[SourceVersionDate "2015.09.14"]
[SourceQuality "1"]

1. e4 c5 2. Nc3 Nc6 3. g3 g6 4. Bg2 Bg7 5. d3 e6 6. Nge2 d6 7. 0-0 Nge7 8. f4 0-0 9. g4 f5 10. h3 Nd4 11. Ng3 Rb8 12. Nce2 d5 13. c3 Nxe2+ 14. Qxe2 d4 15. e5 Bd7 16. c4 b5 17. b3 bxc4 18. bxc4 Qa5 19. gxf5 Nxf5 20. Nxf5 Rxf5 21. Be4 Rh5 22. Kh2 Qc3 23. Bd2 Rb2 24. Rfd1 Ba4 25. f5 Bxd1 26. Rxd1 Bh6 27. fxg6 Rxd2 28. gxh7+ Kh8 29. Rxd2 Qxd2 30. Qg2 Qxg2+ 31. Kxg2 Rxe5 32. Kf3 Rf5+ 33. Kg4 Rf4+ 0-1